[Event "FIDE World Bl Team Final"]
[Site "Almaty KAZ"]
[Date "2024.08.05"]
[Round "3.2"]
[White "Martirosyan, Haik M."]
[Black "Duda, Jan-Krzysztof"]
[Result "0-1"]
[WhiteTitle "GM"]
[BlackTitle "GM"]
[WhiteElo "2667"]
[BlackElo "2733"]
[WhiteTeam "Chessy"]
[BlackTeam "WR Chess Team"]
[WhiteFideId "13306553"]
[BlackFideId "1170546"]
[EventDate "2024.08.05"]

1. d4 Nf6 2. c4 e6 3. Nf3 d5 4. Nc3 dxc4 5. e4 Bb4 6. Bg5 b5 7. a4 c5 8. axb5
cxd4 9. Nxd4 h6 10. Be3 Nxe4 11. Rc1 Bb7 12. Bxc4 O-O 13. O-O Bxc3 14. bxc3 a6
15. b6 Qc8 16. Bd3 Nd7 17. c4 Nec5 18. Bb1 Nxb6 19. Qh5 f5 20. Bxh6 Qe8 21. Qg5
Rf7 22. Qg3 Rd8 23. Rcd1 Nxc4 24. Bg5 Rdd7 25. f3 Nb2 26. Rd2 Nc4 27. Rdd1 Nb2
28. Rc1 Nbd3 29. Rc4 e5 30. Ne2 e4 31. fxe4 Nxe4 32. Qe3 Ne5 33. Rcc1 Ng4 34.
Qf4 Nxg5 35. Ba2 Qxe2 36. Qg3 Qe3+ 37. Qxe3 Nxe3 38. Bxf7+ Rxf7 39. Rfe1 Nxg2 0-1

[Event "FIDE World Bl Team Final"]
[Site "Almaty KAZ"]
[Date "2024.08.05"]
[Round "3.2"]
[White "Praggnanandhaa, R"]
[Black "Vidit, Santosh Gujrathi"]
[Result "0-1"]
[WhiteTitle "GM"]
[BlackTitle "GM"]
[WhiteElo "2749"]
[BlackElo "2720"]
[WhiteTeam "WR Chess Team"]
[BlackTeam "Chessy"]
[WhiteFideId "25059530"]
[BlackFideId "5029465"]
[EventDate "2024.08.05"]

1. d4 d5 2. Nf3 Nf6 3. Bf4 Bf5 4. e3 e6 5. Nbd2 Bd6 6. Ne5 Nbd7 7. Be2 h6 8. O-O
O-O 9. c4 a5 10. Rc1 a4 11. c5 Bxe5 12. dxe5 Ne4 13. Nxe4 Bxe4 14. Qd4 c6 15.
Bg3 Qa5 16. f3 Bg6 17. Be1 Qc7 18. Bc3 Rfb8 19. Rfd1 b6 20. cxb6 Rxb6 21. e4 Qb7
22. Qe3 c5 23. h4 d4 24. Bxd4 cxd4 25. Qxd4 Nf8 26. Rd2 Rb4 27. Qc3 Qb6+ 28. Kh2
Rb8 29. Rcc2 Qf2 30. Kh3 Qe1 31. Rc1 Qf2 32. Bb5 Qxd2 33. Qxd2 R4xb5 34. Rc2
Rxe5 35. Qd4 Ra5 36. Rc7 e5 37. Qc3 Rab5 38. Ra7 Ne6 39. Rxa4 Nf4+ 40. Kg4 h5+ 0-1

[Event "FIDE World Bl Team Final"]
[Site "Almaty KAZ"]
[Date "2024.08.05"]
[Round "3.2"]
[White "Muzychuk, Anna"]
[Black "Kosteniuk, Alexandra"]
[Result "0-1"]
[WhiteTitle "GM"]
[BlackTitle "GM"]
[WhiteElo "2525"]
[BlackElo "2488"]
[WhiteTeam "Chessy"]
[BlackTeam "WR Chess Team"]
[WhiteFideId "14111330"]
[BlackFideId "4128125"]
[EventDate "2024.08.05"]

1. e4 c6 2. d4 d5 3. exd5 cxd5 4. c4 Nf6 5. Nc3 Nc6 6. Nf3 g6 7. Qb3 Na5 8. Qd1
dxc4 9. Bxc4 Nxc4 10. Qa4+ Bd7 11. Qxc4 Bg7 12. Ne5 O-O 13. Nxd7 Qxd7 14. Be3
Rfd8 15. O-O a6 16. Rfd1 Qd6 17. h3 b5 18. Qb3 Rac8 19. Rac1 Rc4 20. a4 Rb4 21.
Qa3 bxa4 22. Bf4 Qxf4 23. Qxb4 Rb8 24. Qxe7 Rxb2 25. Qe3 Qxe3 26. fxe3 Bh6 27.
Rd3 a3 28. Na4 Re2 29. Rc8+ Kg7 30. Rxa3 Nd5 31. Kf1 Rd2 32. Re8 f6 33. Nc5 Kf7
34. Re4 a5 35. h4 Rd1+ 36. Ke2 Rb1 37. Rxa5 Nc3+ 38. Kf3 Rf1+ 39. Kg3 Nxe4+ 40.
Nxe4 Bxe3 41. Ra7+ Kg8 42. Rd7 h5 43. d5 Bf4+ 0-1

[Event "FIDE World Bl Team Final"]
[Site "Almaty KAZ"]
[Date "2024.08.05"]
[Round "3.2"]
[White "Sadhwani, Raunak"]
[Black "Artemiev, Vladislav"]
[Result "1/2-1/2"]
[WhiteTitle "GM"]
[BlackTitle "GM"]
[WhiteElo "2653"]
[BlackElo "2699"]
[WhiteTeam "Team MGD1"]
[BlackTeam "Al-Ain ACMG UAE"]
[WhiteFideId "35093487"]
[BlackFideId "24101605"]
[EventDate "2024.08.05"]

1. e4 c5 2. Nc3 Nc6 3. Bb5 Nd4 4. Nf3 e6 5. O-O a6 6. Bd3 Nc6 7. Nd5 d6 8. Ne3
Nf6 9. c3 d5 10. exd5 Nxd5 11. Nxd5 exd5 12. Bc2 Bg4 13. d4 cxd4 14. cxd4 Be7
15. Re1 O-O 16. Qd3 g6 17. Ne5 Nb4 18. Qb3 Nxc2 19. Qxc2 Be6 20. Qb3 Qa5 21. Bh6
Rfb8 22. Rac1 Qb4 23. Nd3 Qxb3 24. axb3 Bf6 25. Bf4 Rc8 26. Be5 Bxe5 27. Nxe5 a5
28. Nd3 Rxc1 29. Rxc1 Ra6 30. f3 Rb6 31. Rc3 Bf5 32. Nf4 Rb4 33. Nxd5 Rxd4 34.
Ne7+ Kg7 35. Nxf5+ gxf5 36. Rc5 Rb4 37. Rxa5 Rxb3 38. Rxf5 Rxb2 39. h4 b5 40. h5
h6 41. Kh2 Rb1 42. Kg3 Rb4 43. Kh3 Rb2 44. g3 Rb3 45. Kg4 Rb4+ 46. f4 Rb3 47.
Rc5 Rb1 48. Rc6 b4 49. Rb6 b3 50. Kf5 Rb2 51. g4 Rb1 52. Rb7 Rb2 53. Rb5 Rb1 54.
Rb4 Rb2 55. Rb8 Rb1 56. Rb7 Rb2 57. Rb6 Rb1 58. Rb7 Rb2 59. Rb8 Rb1 60. Rb6 Rb2
61. Rb4 Rb1 62. Rb5 Rb2 63. Rb7 Rb1 64. Rb6 Rb2 65. Rb4 Rb1 66. Rb7 Rb2 67. Rb6
Rb1 68. Rb8 Rb2 69. Rb7 Rb1 70. Rb6 Rb2 71. Rb5 Rb1 72. Rb4 Rb2 73. Rb7 Rb1 74.
Rb6 1/2-1/2

[Event "FIDE World Bl Team Final"]
[Site "Almaty KAZ"]
[Date "2024.08.05"]
[Round "3.2"]
[White "Andreikin, Dmitry"]
[Black "Narayanan, S.L."]
[Result "1/2-1/2"]
[WhiteTitle "GM"]
[BlackTitle "GM"]
[WhiteElo "2729"]
[BlackElo "2649"]
[WhiteTeam "Al-Ain ACMG UAE"]
[BlackTeam "Team MGD1"]
[WhiteFideId "4158814"]
[BlackFideId "5058422"]
[EventDate "2024.08.05"]

1. e4 e5 2. Nf3 Nc6 3. Bb5 g6 4. O-O Bg7 5. c3 a6 6. Ba4 d6 7. d4 Bd7 8. h3 Nge7
9. Re1 O-O 10. Be3 Qe8 11. Bc2 Kh8 12. Nbd2 b6 13. a4 f5 14. exf5 gxf5 15. dxe5
dxe5 16. Nc4 Rd8 17. Qc1 Be6 18. Ncxe5 Nxe5 19. Nxe5 Bxe5 20. Bg5 Ng6 21. Bxd8
Qxd8 22. Rxe5 Nxe5 23. Qe3 Qd5 24. Re1 Nf3+ 25. gxf3 Rg8+ 26. Kh2 Qd6+ 27. Qe5+
Qxe5+ 28. Rxe5 Bd7 29. a5 Rb8 30. b4 bxa5 31. Rxa5 Bb5 32. Bxf5 Rd8 33. Ra1 Rd2
34. Kg3 c5 35. bxc5 Rd5 36. c4 Rxf5 37. cxb5 axb5 38. Rc1 b4 39. c6 Rf8 40. f4
b3 41. Rb1 Rc8 42. Rxb3 Rxc6 43. Rb7 Rc5 44. Kg4 h5+ 45. Kf3 Rc3+ 46. Kg2 Rc4
47. Kg3 Rc3+ 48. Kh4 Rf3 49. Kg5 Rxf2 50. f5 h4 51. Rb4 Kg7 52. Rxh4 Rf3 53. Rh5
Rf1 54. Rh4 Rf3 55. Rh5 Rf1 56. Kg4 Rg1+ 57. Kh4 Kf6 58. Rh8 Kxf5 59. Rf8+ Ke6
60. Kh5 Ke7 61. Rf4 Ke6 62. h4 Ke7 63. Kh6 Ke6 64. h5 Ke7 65. Kh7 Ke6 66. h6 Ke7
67. Kh8 Ke6 68. Rf8 Ke7 69. Rg8 Rh1 70. Kg7 Rg1+ 71. Kh7 Rh1 1/2-1/2

[Event "FIDE World Bl Team Final"]
[Site "Almaty KAZ"]
[Date "2024.08.05"]
[Round "3.2"]
[White "Pranav, V"]
[Black "Maghsoodloo, Parham"]
[Result "1/2-1/2"]
[WhiteTitle "GM"]
[BlackTitle "GM"]
[WhiteElo "2598"]
[BlackElo "2723"]
[WhiteTeam "Team MGD1"]
[BlackTeam "Al-Ain ACMG UAE"]
[WhiteFideId "25060783"]
[BlackFideId "12539929"]
[EventDate "2024.08.05"]

1. e4 c5 2. Nf3 d6 3. d4 cxd4 4. Nxd4 Nf6 5. Nc3 a6 6. Nb3 h6 7. Be2 e5 8. Be3
Be6 9. O-O Nbd7 10. a4 Rc8 11. Re1 Be7 12. h3 O-O 13. Bf1 Ne8 14. Nd5 Bg5 15. c4
Bxe3 16. Rxe3 a5 17. Qd2 b6 18. Rd1 Rc6 19. Rg3 Kh7 20. Bd3 Nc7 21. Rf1 Na6 22.
Nc1 Nac5 23. Bc2 Kh8 24. Ne2 Nf6 25. Nec3 Bxd5 26. exd5 Rc7 27. Re1 Nh5 28. Rf3
Qg5 29. Qxg5 hxg5 30. Nb5 Rd7 31. Rf5 g6 32. Rxg5 Kg7 33. g3 e4 34. h4 Re8 35.
Nd4 Kh6 36. f4 f6 37. Rxh5+ Kxh5 38. Kf2 f5 39. Ke3 Kh6 40. Rh1 Kg7 41. b3 Rh8
42. Bd1 Kf6 43. Be2 Rg7 44. Rb1 Rb7 45. Nb5 Ke7 46. Nd4 Na6 47. h5 Kf6 48. hxg6
Rh3 49. Rg1 Rg7 50. Bf1 Rh2 51. g4 fxg4 52. Rxg4 Rxg6 53. Rxg6+ Kxg6 54. Kxe4
Nc5+ 55. Ke3 Rb2 56. Bd3+ Kf6 57. Bc2 Ra2 58. Kd2 Ra1 59. Nb5 Ke7 60. f5 Rh1 61.
Kc3 Rh3+ 62. Kb2 Rh2 63. Kc3 Rf2 64. Nd4 Na6 65. Nb5 Nb4 66. Be4 Na2+ 67. Kd4
Nc1 68. Kc3 Ne2+ 69. Kd3 Ng3 70. Nd4 Kf6 71. Nc6 Rb2 72. Kc3 Re2 73. Bd3 Re3 74.
Nb8 Ke7 75. Kd4 Rf3 76. Nc6+ Kd7 77. Nb8+ Kc7 78. Nc6 Nxf5+ 79. Bxf5 Rxf5 80.
Kc3 Rf3+ 81. Kc2 Kd7 82. Nd4 Rh3 83. Nb5 Ke7 84. Na7 Kd7 85. Nc6 Kc7 86. Nd4 Kd7
87. Nb5 1/2-1/2

[Event "FIDE World Bl Team Final"]
[Site "Almaty KAZ"]
[Date "2024.08.05"]
[Round "3.2"]
[White "Lagno, Kateryna"]
[Black "Dronavalli, Harika"]
[Result "0-1"]
[WhiteTitle "GM"]
[BlackTitle "GM"]
[WhiteElo "2532"]
[BlackElo "2502"]
[WhiteTeam "Al-Ain ACMG UAE"]
[BlackTeam "Team MGD1"]
[WhiteFideId "14109336"]
[BlackFideId "5015197"]
[EventDate "2024.08.05"]

1. e4 e6 2. d4 d5 3. exd5 exd5 4. Nf3 Nc6 5. Nc3 Nf6 6. Bb5 Bd6 7. O-O O-O 8.
Bg5 Be6 9. Re1 h6 10. Bh4 Be7 11. Ne5 Nb8 12. Bd3 Nc6 13. Bb5 Nb8 14. Ng6 fxg6
15. Rxe6 g5 16. Bg3 c6 17. Bd3 Nbd7 18. Qe2 Bb4 19. a3 Bxc3 20. bxc3 Re8 21. Re1
Nf8 22. Re7 Qa5 23. Qf3 Qxa3 24. R7e5 Rxe5 25. Bxe5 Qe7 26. Qf5 a5 27. f4 g4 28.
Ra1 b5 29. Bxf6 Qxf6 30. Qxg4 a4 31. g3 Qe7 32. Kf2 Re8 33. Qf3 Qd6 34. g4 Ra8
35. f5 Qxh2+ 36. Qg2 Qxg2+ 37. Kxg2 Nd7 38. Kf2 Nb6 39. Ke3 Nc4+ 40. Bxc4 bxc4
41. Ra3 Kf7 42. Kf4 Kf6 43. Kf3 Kg5 44. Kg3 h5 45. gxh5 Kxf5 46. Kh4 Kf4 47. Kh3
Kg5 48. Kg3 Kxh5 49. Kf4 g5+ 50. Ke5 g4 51. Kd6 g3 52. Kxc6 g2 53. Ra1 a3 54.
Kxd5 a2 55. Kxc4 Rb8 56. d5 Rb1 0-1

[Event "FIDE World Bl Team Final"]
[Site "Almaty KAZ"]
[Date "2024.08.05"]
[Round "3.2"]
[White "Shah Mihir"]
[Black "Galymzhanuly, Ibragim"]
[Result "1/2-1/2"]
[WhiteElo "1801"]
[BlackElo "1929"]
[WhiteTeam "Team MGD1"]
[BlackTeam "Al-Ain ACMG UAE"]
[WhiteFideId "46628878"]
[BlackFideId "13727915"]
[EventDate "2024.08.05"]

1. d4 d5 2. Nc3 Nf6 3. Bf4 a6 4. e3 h6 5. Nf3 e6 6. Bd3 c5 7. dxc5 Nc6 8. O-O
Bxc5 9. e4 Nh5 10. Bd2 d4 11. Ne2 e5 12. Ng3 Nxg3 13. fxg3 O-O 14. Nh4 Ne7 15.
Qf3 Be6 16. Kh1 Qd7 17. Nf5 Bxf5 18. exf5 f6 19. Bc4+ Kh8 20. Be6 Qc6 21. Qh5
Kh7 22. g4 Qe8 23. Qh4 e4 24. g5 e3 25. g6+ Kh8 26. Be1 Nxg6 27. Qh3 Ne5 28. Bg3
Rd8 29. Rf4 Nf7 30. Bh4 Ng5 31. Bxg5 fxg5 32. Re4 Qc6 33. Qf3 Rf6 34. Re1 Rdf8
35. h4 gxh4 36. Qg4 Be7 37. Rxd4 Qxc2 38. Rd7 Qc5 39. Qe4 h3 40. gxh3 Rd8 41.
Rxd8+ Bxd8 42. Qxe3 Qd6 43. Qe5 Qd2 44. Qe2 Qd6 45. Rd1 Qf8 46. Qd3 Bc7 47. Qd7
Bf4 48. Qd8 Kh7 49. Qxf8 Rxf8 50. Rd7 b5 51. Bf7 Be5 52. Bg6+ Kg8 53. b3 Ra8 54.
Rb7 Bd4 55. Kg2 Bf6 56. Kf3 Kf8 57. Ke4 Rd8 58. Rf7+ Kg8 59. Ra7 Kf8 60. Rxa6
Rd4+ 61. Ke3 Ke7 62. Ra7+ Kd6 63. Ra6+ Kc5 64. Ra8 Rh4 65. Rc8+ Kb4 66. a4 Rxh3+
67. Ke4 bxa4 68. Rb8+ Ka3 69. bxa4 Kxa4 70. Rb1 Rh4+ 71. Kf3 Rc4 1/2-1/2

[Event "FIDE World Bl Team Final"]
[Site "Almaty KAZ"]
[Date "2024.08.05"]
[Round "3.3"]
[White "Artemiev, Vladislav"]
[Black "Sadhwani, Raunak"]
[Result "0-1"]
[WhiteTitle "GM"]
[BlackTitle "GM"]
[WhiteElo "2699"]
[BlackElo "2653"]
[WhiteTeam "Al-Ain ACMG UAE"]
[BlackTeam "Team MGD1"]
[WhiteFideId "24101605"]
[BlackFideId "35093487"]
[EventDate "2024.08.05"]

1. d4 Nf6 2. Nf3 e6 3. Bg5 h6 4. Bh4 d6 5. e3 g5 6. Bg3 Nh5 7. Nbd2 Bg7 8. c3
Nd7 9. Bd3 Qe7 10. a4 f5 11. Ng1 Ndf6 12. f3 Nxg3 13. hxg3 e5 14. Qe2 Bd7 15. a5
O-O-O 16. a6 b6 17. O-O-O Rhe8 18. Qf1 Nd5 19. Qf2 f4 20. gxf4 gxf4 21. e4 Ne3
22. Ne2 exd4 23. cxd4 d5 24. e5 Nxd1 25. Rxd1 Qb4 26. Nc3 c5 27. dxc5 Qxc5 28.
Qxc5+ bxc5 29. Bg6 Rxe5 30. Nb3 Rg5 31. Bf7 Bxc3 32. bxc3 Ba4 0-1

[Event "FIDE World Bl Team Final"]
[Site "Almaty KAZ"]
[Date "2024.08.05"]
[Round "3.3"]
[White "Narayanan, S.L."]
[Black "Andreikin, Dmitry"]
[Result "1-0"]
[WhiteTitle "GM"]
[BlackTitle "GM"]
[WhiteElo "2649"]
[BlackElo "2729"]
[WhiteTeam "Team MGD1"]
[BlackTeam "Al-Ain ACMG UAE"]
[WhiteFideId "5058422"]
[BlackFideId "4158814"]
[EventDate "2024.08.05"]

1. d4 Nf6 2. c4 e6 3. Nf3 d5 4. Nc3 c5 5. cxd5 cxd4 6. Qxd4 exd5 7. Bg5 Be7 8.
Qd2 O-O 9. e3 Nc6 10. Rd1 Be6 11. Bb5 Ne4 12. Bxe7 Nxd2 13. Bxd8 Nxf3+ 14. gxf3
Rfxd8 15. Bxc6 bxc6 16. Na4 d4 17. b3 dxe3 18. fxe3 h5 19. Ke2 h4 20. Rc1 Rd6
21. Nc5 Bh3 22. Ne4 Rg6 23. Rhg1 Rxg1 24. Rxg1 Bf5 25. Nd6 Be6 26. Rc1 a5 27.
Nc4 a4 28. Nb6 Ra5 29. Nxa4 Rg5 30. Kf2 Rd5 31. Rc2 Rg5 32. e4 Bh3 33. Ke3 Rg1
34. Nc5 g5 35. a4 Re1+ 36. Kd4 Ra1 37. Ke5 Kg7 38. Kd6 Kf6 39. b4 Bf1 40. Kxc6
Ke5 41. b5 1-0

[Event "FIDE World Bl Team Final"]
[Site "Almaty KAZ"]
[Date "2024.08.05"]
[Round "3.3"]
[White "Maghsoodloo, Parham"]
[Black "Pranav, V"]
[Result "0-1"]
[WhiteTitle "GM"]
[BlackTitle "GM"]
[WhiteElo "2723"]
[BlackElo "2598"]
[WhiteTeam "Al-Ain ACMG UAE"]
[BlackTeam "Team MGD1"]
[WhiteFideId "12539929"]
[BlackFideId "25060783"]
[EventDate "2024.08.05"]

1. d4 Nf6 2. c4 e6 3. Nc3 Bb4 4. e3 O-O 5. Bd3 d5 6. a3 Bxc3+ 7. bxc3 dxc4 8.
Bxc4 c5 9. Nf3 Qc7 10. Be2 b6 11. Bb2 Bb7 12. O-O Nc6 13. dxc5 bxc5 14. c4 Rad8
15. Qc2 Ne7 16. Be5 Qc8 17. Qb2 Ne8 18. Rad1 Rxd1 19. Rxd1 f6 20. Bc3 e5 21. Qb5
Nf5 22. Qa5 Ned6 23. Nd2 Nh4 24. f3 Nhf5 25. Nf1 Qc6 26. Rb1 h5 27. Be1 Ba6 28.
Qc3 Re8 29. Qc2 Qd7 30. Bd3 e4 31. fxe4 Nh6 32. e5 Rxe5 33. Bg3 Re8 34. Bg6 Re6
35. Rb8+ Nc8 36. Bf4 Rc6 37. Bxh6 gxh6 38. Bf5 Qd6 39. Rb1 Rc7 40. Ng3 Qe5 41.
Qf2 Nd6 42. Bg6 Bxc4 43. Nxh5 f5 44. h3 Bf7 45. Bxf7+ Rxf7 46. Qf3 Kh7 47. Nf4
c4 48. Rd1 Ne4 49. Qh5 Qf6 50. Qe2 Nc3 51. Qf3 Nxd1 52. Qxd1 c3 53. Nd5 Qe5 54.
Qd3 c2 55. Qc4 c1=R+ 56. Qxc1 Qxd5 0-1

[Event "FIDE World Bl Team Final"]
[Site "Almaty KAZ"]
[Date "2024.08.05"]
[Round "3.3"]
[White "Dronavalli, Harika"]
[Black "Zhu, Jiner"]
[Result "1/2-1/2"]
[WhiteTitle "GM"]
[BlackTitle "GM"]
[WhiteElo "2502"]
[BlackElo "2479"]
[WhiteTeam "Team MGD1"]
[BlackTeam "Al-Ain ACMG UAE"]
[WhiteFideId "5015197"]
[BlackFideId "8608059"]
[EventDate "2024.08.05"]

1. Nf3 Nf6 2. c4 e6 3. g3 d5 4. Bg2 d4 5. O-O c5 6. e3 Nc6 7. exd4 cxd4 8. d3
Bd6 9. Na3 O-O 10. Nc2 Bc5 11. Rb1 a5 12. b3 e5 13. Bg5 h6 14. Bxf6 Qxf6 15. Nd2
Qd8 16. a3 Bf5 17. Ne4 Be7 18. b4 axb4 19. axb4 Be6 20. b5 Na5 21. Nb4 f5 22.
Nd2 e4 23. dxe4 Nxc4 24. exf5 Nxd2 25. Qxd2 Bxf5 26. Rbd1 Qa5 27. Nd5 Bc5 28. b6
Qxd2 29. Rxd2 Ra6 30. Rc1 Bxb6 31. Nxb6 Rxb6 32. Rxd4 Rb2 33. Rf4 Be6 34. Rxf8+
Kxf8 35. Be4 b5 36. Rc6 Ke7 37. Kg2 b4 38. Rb6 b3 39. Rb7+ Kf6 40. Rb6 Ke5 41.
Kf3 Ra2 42. Ke3 Ra5 43. f4+ Kf6 44. f5 Rxf5 45. Bxf5 Kxf5 46. Rb5+ Kf6 47. h4
Kf7 48. Kf4 Kg8 49. Rb6 Bc4 50. g4 Kh7 51. Rb4 Bf7 52. Ke5 Bg8 53. Kd6 Bf7 54.
Ke7 Bd5 55. Rb6 Bf3 56. g5 hxg5 57. hxg5 Bd5 58. Kf8 Bc4 59. Ke7 Bd5 60. Kd6 Bc4
61. Ke5 Bf7 62. Kf5 Bc4 63. Rb4 Bd3+ 64. Kf4 Bc2 65. Rb6 Bd1 66. Kf5 Bc2+ 67.
Kg4 Bd1+ 68. Kh4 Bc2 69. Kg3 Bd1 70. Kf4 Bc2 71. Ke3 Bd1 72. Kd2 Bc2 73. Kc3 Bd1
74. Kd4 Bc2 75. Ke5 Bd1 76. Kf4 Bc2 77. Kg3 Bd1 78. Kh3 Bc2 79. Kh4 Bd1 80. Kg3
Bc2 81. Kf4 Bd1 82. Ke5 Bc2 83. Kf4 Bd1 84. Ke3 Bc2 85. Kd2 Be4 86. Rxb3 Kg6 87.
Rg3 Kf5 88. Ke3 Bc2 89. Kd4 Bd1 90. Ke3 Bg4 91. Rg1 Kxg5 92. Kf2 Kf5 93. Ra1 Kf6
94. Kg3 Be6 95. Rf1+ Ke7 96. Kf4 g6 97. Kg5 Bf5 98. Re1+ Kf7 99. Ra1 1/2-1/2

[Event "FIDE World Bl Team Final"]
[Site "Almaty KAZ"]
[Date "2024.08.05"]
[Round "3.3"]
[White "Galymzhanuly, Ibragim"]
[Black "Shah Mihir"]
[Result "0-1"]
[WhiteElo "1929"]
[BlackElo "1801"]
[WhiteTeam "Al-Ain ACMG UAE"]
[BlackTeam "Team MGD1"]
[WhiteFideId "13727915"]
[BlackFideId "46628878"]
[EventDate "2024.08.05"]

1. d4 Nf6 2. Bf4 g6 3. e3 Bg7 4. h3 O-O 5. Nf3 c5 6. c3 d6 7. Be2 Qb6 8. Qb3 Be6
9. Qxb6 axb6 10. a3 Bd5 11. Nbd2 Bc6 12. O-O b5 13. Rac1 Nbd7 14. Rfd1 Nb6 15.
dxc5 dxc5 16. Nb3 Na4 17. Rb1 Be4 18. Bxb5 Bxb1 19. Rxb1 Nd5 20. Bxa4 Nxf4 21.
Nxc5 Nd5 22. Bb3 e6 23. Kf1 b5 24. Ke2 Rfc8 25. Nd3 Nb6 26. Nd4 Bxd4 27. exd4
Nc4 28. f4 Nd6 29. Nc5 Ra7 30. Kd3 Kf8 31. Re1 h5 32. g4 hxg4 33. hxg4 Kg7 34.
Re5 Rh8 35. Ne4 Rh3+ 36. Kc2 Rh2+ 37. Kb1 Nxe4 38. Rxe4 Rg2 39. f5 gxf5 40. gxf5
exf5 41. Rf4 Kf6 42. Bc2 Rg5 43. a4 bxa4 44. c4 a3 45. b4 a2+ 46. Ka1 Rg1+ 0-1

[Event "FIDE World Bl Team Final"]
[Site "Almaty KAZ"]
[Date "2024.08.05"]
[Round "4.1"]
[White "Nepomniachtchi, Ian"]
[Black "Sadhwani, Raunak"]
[Result "1-0"]
[WhiteTitle "GM"]
[BlackTitle "GM"]
[WhiteElo "2767"]
[BlackElo "2653"]
[WhiteTeam "WR Chess Team"]
[BlackTeam "Team MGD1"]
[WhiteFideId "4168119"]
[BlackFideId "35093487"]
[EventDate "2024.08.05"]

1. c4 e5 2. Nc3 Nf6 3. Nf3 Nc6 4. g3 Bb4 5. Bg2 O-O 6. O-O e4 7. Ne1 Bxc3 8.
bxc3 Re8 9. d3 h6 10. Nc2 d6 11. Ne3 Bd7 12. Qc2 Qc8 13. dxe4 Bh3 14. f3 Ne5 15.
c5 dxc5 16. c4 Nc6 17. Bb2 Nd4 18. Qd3 Rd8 19. Nd5 Nxd5 20. cxd5 Bxg2 21. Kxg2
c6 22. Rac1 Ne6 23. Rfd1 cxd5 24. exd5 b6 25. Qc3 Qa6 26. dxe6 Qxe2+ 27. Kh3
Qxe6+ 28. g4 f6 29. Qb3 Qxb3 30. axb3 Kf7 31. Kg3 a5 32. Bc3 Ke6 33. h4 Rxd1 34.
Rxd1 a4 35. bxa4 Rxa4 36. Rb1 Ra6 37. h5 Kd5 38. Kf2 Kc4 39. Ra1 Rxa1 40. Bxa1
Kd3 41. g5 c4 42. Bxf6 c3 43. Bxg7 b5 44. gxh6 1-0

[Event "FIDE World Bl Team Final"]
[Site "Almaty KAZ"]
[Date "2024.08.05"]
[Round "4.1"]
[White "Narayanan, S.L."]
[Black "Duda, Jan-Krzysztof"]
[Result "0-1"]
[WhiteTitle "GM"]
[BlackTitle "GM"]
[WhiteElo "2649"]
[BlackElo "2733"]
[WhiteTeam "Team MGD1"]
[BlackTeam "WR Chess Team"]
[WhiteFideId "5058422"]
[BlackFideId "1170546"]
[EventDate "2024.08.05"]

1. d4 Nf6 2. c4 e6 3. Nc3 Bb4 4. e3 O-O 5. Nf3 c5 6. Bd3 cxd4 7. exd4 d5 8. cxd5
Nxd5 9. O-O Nc6 10. Qc2 h6 11. a3 Bd6 12. Qe2 b6 13. Qe4 f5 14. Qe2 Nce7 15. Bd2
Rf6 16. Rfe1 Bb7 17. Ba6 Qc8 18. Bxb7 Qxb7 19. Rac1 Rd8 20. Nxd5 Nxd5 21. g3 Qd7
22. Rc2 Re8 23. Rec1 Rf7 24. Ne5 Bxe5 25. Qxe5 Nf6 26. Rc6 Qd5 27. Rd6 Qxe5 28.
dxe5 Ne4 29. Rd4 Nc5 30. Rcc4 Ree7 31. Bb4 Rc7 32. Rd6 Ne4 33. Rxc7 Rxc7 34.
Rd8+ Kh7 35. Re8 a5 36. Bd6 Rc1+ 37. Kg2 Rc2 38. Rxe6 Rxf2+ 39. Kg1 Rxb2 40. Bc7
Ng5 41. Rxb6 Nf3+ 42. Kf1 Nxh2+ 43. Ke1 Nf3+ 44. Kd1 Rxb6 45. Bxb6 a4 46. e6 Kg6
47. Bc5 Kf6 48. Bf8 Kxe6 49. Bxg7 h5 50. Ke2 Ne5 51. Bf8 Kd5 52. Ke3 Ng6 53. Bb4
Kc4 54. Bd6 Kd5 55. Bb4 Ne5 56. Bf8 Ke6 57. Bc5 Ng6 58. Kd4 f4 59. gxf4 Nxf4 60.
Kc4 h4 61. Bf2 h3 62. Bg3 Ne2 63. Bh2 Kf5 64. Kb4 Ke4 65. Kxa4 Kf3 66. Kb4 Kg2 0-1

[Event "FIDE World Bl Team Final"]
[Site "Almaty KAZ"]
[Date "2024.08.05"]
[Round "4.1"]
[White "Abdusattorov, Nodirbek"]
[Black "Pranav, V"]
[Result "1-0"]
[WhiteTitle "GM"]
[BlackTitle "GM"]
[WhiteElo "2762"]
[BlackElo "2598"]
[WhiteTeam "WR Chess Team"]
[BlackTeam "Team MGD1"]
[WhiteFideId "14204118"]
[BlackFideId "25060783"]
[EventDate "2024.08.05"]

1. d4 Nf6 2. Nf3 e6 3. Bf4 b6 4. e3 Bb7 5. Nbd2 Be7 6. h3 O-O 7. Bd3 c5 8. O-O
Nc6 9. c3 d6 10. Qe2 Re8 11. Bh2 Bf8 12. a3 Rc8 13. e4 cxd4 14. cxd4 e5 15. d5
Nd4 16. Nxd4 exd4 17. Qd1 g6 18. Qa4 Nd7 19. Bb5 Nc5 20. Qxd4 Bg7 21. Qe3 Re7
22. b4 Nxe4 23. Nxe4 Bxd5 24. f3 Bxe4 25. fxe4 Bxa1 26. Rxa1 Re6 27. Rd1 Qe7 28.
Bd3 Qf6 29. Rf1 Qc3 30. Qf2 Rc7 31. Bb1 Rd7 32. Ba2 Ree7 33. Bd5 a5 34. Qxb6
axb4 35. axb4 Kg7 36. Bxd6 Re8 37. Bc5 Kg8 38. Bd4 Qd3 39. Qf6 1-0

[Event "FIDE World Bl Team Final"]
[Site "Almaty KAZ"]
[Date "2024.08.05"]
[Round "4.1"]
[White "Dronavalli, Harika"]
[Black "Kosteniuk, Alexandra"]
[Result "1/2-1/2"]
[WhiteTitle "GM"]
[BlackTitle "GM"]
[WhiteElo "2502"]
[BlackElo "2488"]
[WhiteTeam "Team MGD1"]
[BlackTeam "WR Chess Team"]
[WhiteFideId "5015197"]
[BlackFideId "4128125"]
[EventDate "2024.08.05"]

1. Nf3 d5 2. d4 Nf6 3. e3 e6 4. Bd3 c5 5. b3 Nc6 6. O-O Be7 7. Bb2 O-O 8. a3 b6
9. Nbd2 Bb7 10. Qe2 Qc7 11. Ne5 Nxe5 12. dxe5 Ne4 13. Nxe4 dxe4 14. Ba6 Bc6 15.
Bb5 Bb7 16. Rfd1 Rad8 17. a4 Rxd1+ 18. Rxd1 Rd8 19. h3 g6 20. Bc3 h5 21. Rxd8+
Qxd8 22. Qd2 Qxd2 23. Bxd2 a6 24. Bc4 Bd8 25. Bc3 Bc7 26. h4 Kf8 27. Kh2 Ke7 28.
Kh3 Kd7 29. g4 hxg4+ 30. Kxg4 Kc6 31. Bb2 Bd8 32. h5 gxh5+ 33. Kxh5 b5 34. axb5+
axb5 35. Be2 Be7 36. c4 bxc4 37. bxc4 Kd7 38. Bc3 Bc6 39. Bf1 Ba4 40. Kg4 Bc2
41. Kf4 Bh4 42. Be1 Bb1 43. Kg4 Bd8 44. Kf4 Bh4 45. Kg4 Bd8 46. Kf4 Bh4 1/2-1/2

[Event "FIDE World Bl Team Final"]
[Site "Almaty KAZ"]
[Date "2024.08.05"]
[Round "4.2"]
[White "Sadhwani, Raunak"]
[Black "Nepomniachtchi, Ian"]
[Result "0-1"]
[WhiteTitle "GM"]
[BlackTitle "GM"]
[WhiteElo "2653"]
[BlackElo "2767"]
[WhiteTeam "Team MGD1"]
[BlackTeam "WR Chess Team"]
[WhiteFideId "35093487"]
[BlackFideId "4168119"]
[EventDate "2024.08.05"]

1. e4 e5 2. Nf3 Nf6 3. Nxe5 d6 4. Nf3 Nxe4 5. Qe2 Qe7 6. d3 Nf6 7. Bg5 Qxe2+ 8.
Bxe2 Be7 9. Nc3 c6 10. h3 Na6 11. O-O-O Nc7 12. Rde1 h6 13. Bd2 O-O 14. g4 Re8
15. Rhg1 Ncd5 16. Nxd5 Nxd5 17. Bd1 Bd7 18. c3 Bf8 19. Rxe8 Rxe8 20. Re1 Rxe1
21. Nxe1 f5 22. f3 Kf7 23. Ng2 Be7 24. Bb3 Be6 25. c4 Nf6 26. Nf4 Bd7 27. d4 g5
28. Nd3 Be6 29. Kc2 Kg6 30. Kc3 h5 31. Bc2 hxg4 32. hxg4 fxg4 33. fxg4 Ne4+ 0-1